Vista normal Vista MARC

Entrada Materia (personas)

Número de registros utilizados en: 1

001 - CONTROL NUMBER

  • control field: 167803

003 - CONTROL NUMBER IDENTIFIER

  • control field: Co-BoUCM

005 - DATE AND TIME OF LATEST TRANSACTION

  • control field: 20211112074541.0

008 - FIXED-LENGTH DATA ELEMENTS

  • fixed length control field: 211112|| aca||aabn | a|a d

040 ## - CATALOGING SOURCE

  • Original cataloging agency: Co-BoUCM
  • Transcribing agency: Co-BoUCM

100 ## - HEADING--PERSONAL NAME

  • Personal name: Skinner, B. F.
  • Fuller form of name: (Burrhus Frederic)
  • Dates associated with a name: 1904-1990

670 ## - SOURCE DATA FOUND

  • Source citation: Work cat.: (Co-BoUCM)70940: Skinner, B. F. (Burrhus Frederic) 1904-1990., About behaviorism, 1976